000
00303nam a2200121Ia 4500
008
191201s2003 xx 000 0 und d
100
_a
OX FORD
245
0
_a
Illustrated Oxford Dictionary
260
_a
N.Delhi
_b
Dorling Kindersley L
_c
2003
300
_a
1008
650
_a
General Books
942
_2
ddc
_c
BK
999
_c
2467
_d
2467